01536nab a2200277 i 4500003000900000005001700009007000300026008004100029040003000070041000800100100003300108245007900141264008900220300005800309310001600367336002700383337003400410338002800444362003400472500008600506521053800592600003301130773006301163942001501226999001701241DO-SdBNP20250603122449.0ta250603e1994 dr bn|p|r||||||0| 0 spa d aDO-SdBNPbspacBNPHUerda hspa1 aMir, Pedro,d1913-200097245 aPedro Mir visto por Pedro Mir : bdos poetas y un solo autor /cPedro Mir. aSanto Domingo, República Dominicana :bDirección General de Bellas Artes,c1994. apáginas 8-79 : bilustraciones, retratos ; c28 cm. aBimestral.  atextobtxt2rdacontent asin mediación bn2rdamedia avolumenbnc2rdacarrier aAño 4. No. 9 (abril, 1994). aFragmento tomado de "Primeros Versos", Editora Taller 1993, páginas 9, 10 y 11. aPorque hay dos Pedro Mir: Uno es el conocido autor de varios poemas inicialmente publicados en el extranjero, de los cuales se han hecho varias ediciones y reediciones, grabaciones en su propia voz (UNAM: "La Viva Voz de América Latina", Casa de las Américas: "Voces de Nuestra América), recitaciones coreadas, musicalizaciones, grabados (Consuelo), una secuencia de 20 cuadros al óleo (Perdomo), exposiciones fotográficas, videotapes, análisis, tesis de grado y traducciones incluida una al armenio: Sikranian, (Quebec).10aMir, Pedro,d1913-2000972450 0366049324465o2025-4779tAuditorium.w(DO-SdBNP)000037114 2ddccISSUE c59132d59132